MDQL
is popping MORE tags! Check the
thread
!
Quizzes
Events
Quiz Creation
Community
Videos
Private Events
Remove Ads
Sign In
Join for FREE
Feedback
Dark Mode
Quiz Categories
Sports
Geography
Music
Movies
Television
Just For Fun
Miscellaneous
History
Literature
Language
Science
Gaming
Entertainment
Religion
Holiday
For Kids
Quiz Lab
Recent
Popular Today
Quiz Kudos Today
Editor Picks
Curator Picks
Quizzes by...
Day
Popularity
Type
Ratings
Length
Year
Community
Subscriptions
Recent Discussions
Orange Saloon
Badges
Playlists
Quests
Create
Leaderboards
Showdown
Live 5
Trivia Bingo
Activity
Puzzle Library
Sporcle Events
Private Events
Virtual Trivia
Globe League
Become a Host
Pub Owners
SporcleCon
Opinionation
Our Games
Videos
Blog
Mobile Apps
Partnerships
Remove Ads and Go Orange
Feedback
Music
Pop Music
The Beatles
Song
Album
Lyrics
Bands
Singers
Artist
Clip
Rock
Rap
Classical
Billboard
Country Music
Kpop
Taylor Swift
Music
Pop Music
The Beatles
Song
Album
Lyrics
Bands
Singers
Artist
Clip
Rock
Rap
Classical
Billboard
Country Music
Kpop
Taylor Swift
Random Quiz
Search Sporcle
×
Curator Pick
Curator Pick
Music
This or That
Type in answers that appear in a list
Type in answers that appear in a list
Classic
Best Score? Go Orange.
🎺 Do They Have a Self Titled Album? Stats
Can you choose whether these BANDS or ARTISTS have a SELF TITLED ALBUM (Y) or NOT (N)?
By
otcpsychedelics
9m
151 Questions
533 Plays
533 Plays
533 Plays
Comments
Comments
Give Quiz Kudos
Give Quiz Kudos
-
- Ratings
hide this ad
Forced Order
Answers have to be entered in order
Answers have to be entered in order
Wrong Answers
Some wrong answers will appear in red
Some wrong answers will appear in red
Random Order
Randomize order of answers
Randomize order of answers
Replay
Link that replays current quiz
Next Quiz
Link to next quiz in quiz playlist
You Got
0%
They Got
Avg Score
59%
Avg Friend Score
Upgrade to see
Score Distribution
Jump to the score distribution portion of the page
Score
0/151
Timer
09:00
0
Plays Today
Band/Artist
Self Titled Album? (Y/N)
% Correct
The Jimi Hendrix Experience
???
89.1%
Katy Perry
???
88.9%
The Ramones
???
78.2%
Led Zeppelin
???
77.5%
Weezer
???
77.1%
The Velvet Underground
???
76.9%
Queen
???
75.6%
Black Sabbath
???
75.2%
Santana
???
75%
The Doors
???
74.9%
Van Halen
???
74.5%
The Beatles
???
73.5%
The Clash
???
73.4%
The Eagles
???
72.6%
Elvis Presley
???
72.2%
Metallica
???
71.3%
Journey
???
71.1%
KISS
???
70.7%
Rage Against The Machine
???
70.2%
The Cars
???
70.2%
Fleetwood Mac
???
69.8%
ABBA
???
69.4%
Genesis
???
69.4%
Franz Ferdinand
???
68.9%
The Kinks
???
67.9%
David Bowie
???
67.7%
Motörhead
???
67.7%
The Smiths
???
67.5%
The Stone Roses
???
67.5%
Bon Jovi
???
67.4%
Iron Maiden
???
66.8%
Madonna
???
66.8%
The White Stripes
???
66.6%
Aerosmith
???
66%
Queens of the Stone Age
???
65.9%
Backstreet Boys
???
65.5%
Yes
???
65.3%
Creedence Clearwater Revival
???
65.1%
Blur
???
65.1%
Duran Duran
???
65.1%
Gorillaz
???
64.9%
Deep Purple
???
64.9%
The Byrds
???
64.9%
Village People
???
64.7%
Vampire Weekend
???
64.4%
Mariah Carey
???
64.2%
Bob Dylan
???
64%
Roxy Music
???
64%
Scissor Sisters
???
63.8%
Alice in Chains
???
63.4%
Guns n' Roses
???
63.2%
Band/Artist
Self Titled Album? (Y/N)
% Correct
The Rolling Stones
???
63%
Lady Gaga
???
62.9%
Prince
???
62.7%
Seal
???
62.7%
U2
???
62.7%
Coldplay
???
62.3%
Beyoncé
???
62.1%
Bananarama
???
61.9%
Radiohead
???
61.9%
Neil Young
???
61.7%
Kraftwerk
???
61.7%
Jefferson Airplane
???
61.5%
Red Hot Chili Peppers
???
61.5%
Oasis
???
60.6%
The Cure
???
60.2%
Pink Floyd
???
60%
Paramore
???
59.8%
Elton John
???
59.7%
Bruno Mars
???
59.5%
Taylor Swift
???
59.3%
Kool and the Gang
???
59.1%
Celine Dion
???
59.1%
R.E.M.
???
58.9%
INXS
???
58.9%
Jay Z
???
58.9%
Björk
???
58.7%
Green Day
???
58.5%
Janis Joplin
???
58.3%
Ricky Martin
???
58.2%
The Libertines
???
58%
Pearl Jam
???
57.8%
Adele
???
57.6%
Canned Heat
???
57.4%
Def Leppard
???
57.4%
Frank Zappa
???
57.4%
Christina Aguilera
???
57%
Kate Bush
???
57%
Tool
???
56.7%
Adam Lambert
???
56.7%
Justin Bieber
???
56.5%
Eminem
???
55.9%
Amy Winehouse
???
55.7%
Pantera
???
55.5%
Britney Spears
???
55.5%
Michael Jackson
???
55.3%
Kesha
???
55.3%
Robbie Williams
???
55.2%
Spandau Ballet
???
55%
Rihanna
???
54.8%
AC/
DC
???
54.6%
Marilyn Manson
???
54.6%
Band/Artist
Self Titled Album? (Y/N)
% Correct
Stevie Wonder
???
54%
Nine Inch Nails
???
53.7%
LMFAO
???
53.7%
Maroon 5
???
53.7%
A-
ha
???
53.7%
Public Enemy
???
53.3%
Tears for Fears
???
53.3%
New Order
???
53.3%
Soundgarden
???
53.3%
Simple Minds
???
53.1%
Arrested Development
???
52.9%
Megadeth
???
52.5%
Marvin Gaye
???
52.5%
Boney M
???
52.2%
The Black Eyed Peas
???
51.8%
The Sex Pistols
???
51.6%
Nickelback
???
51.4%
Culture Club
???
51.2%
Joni Mitchell
???
51%
Cat Stevens
???
51%
The Beach Boys
???
50.8%
Billy Joel
???
50.3%
The Killers
???
49.9%
One Direction
???
49.7%
John Denver
???
49.5%
Daft Punk
???
49.5%
Booker T and the MGs
???
49%
Bob Marley and the Wailers
???
48.8%
Pink
???
48.6%
Florence and the Machine
???
48.6%
Kelly Clarkson
???
48.2%
Eurythmics
???
47.8%
Take That
???
47.3%
Judas Priest
???
46.7%
Iron Butterfly
???
46.5%
Cream
???
46%
Sly and the Family Stone
???
45.4%
Simon and Garfunkel
???
45%
Wham!
???
44.8%
The Four Seasons
???
44.3%
Alice Cooper
???
44.1%
The Who
???
44.1%
Frank Sinatra
???
43.7%
Interpol
???
43%
TLC
???
42.8%
The Bee Gees
???
42.8%
Spice Girls
???
42.4%
The Offspring
???
42.2%
Kanye West /
Ye
???
26.1%
Quiz Playlist
Details
Report
Send in Message
Add To Playlist
Classic:
Type in answers that appear in a list
Forced Order:
Answers have to be entered in order
Wrong Answers:
Some wrong answers will appear in red
Random Order:
Randomize order of answers
Quiz Source
Last Updated: Feb 18, 2018
Curator Pick in
Album
Quiz Scoreboard
CHALLENGE
Sign Up to Join the Scoreboard
Show All
Scores
Hide
Comments
May contain spoilers
Recently Published
Two Season TV Shows II
by 123Four
Television
10m
Image Sorting: Flags VI
by Barbecue
Geography
2m
Find the 'City' Movie
by crazypaving
Movies
60s
More to Explore
Quiz From the Vault
Featured Blog Post
14 Easter Pick-up Lines to Find Eggs With
hide this ad
You Might Also Like...
Tags
Album Quiz
This or That Quiz
Today's Top Quizzes in Music
Browse Music
hide this ad
Today's Top Quizzes in This or That
Browse This or That
Top Contributed Quizzes in Music
1
5X2 Blitz: Bands II
2
5X2 Blitz: The Beatles
3
Taylor Swift All Songs (2024)
4
5X2 Blitz: Billboard
5
5X2 Blitz: Billboard II
6
5X2 Blitz: Album
7
5X2 Blitz: Singers
8
5X2 Blitz: Rock
9
Music Artist by Three 2010s hits
10
5X2 Blitz: Lyrics
Explore More
Trending Topics
Disney
Anime
Marvel
Harry Potter
Kpop
Crossword
NBA
The Office
Song
NFL
Soccer
Country
Pokémon
Puzzle
WWE
hide this ad
More By:
otcpsychedelics
Quiz
Plays
Rating
Category
Featured
Created
Clickable Numbers: 1-50 in Words
87,165
4.09
Just For Fun
Sep 15, 2017
Four Letter Capitals & Countries Blitz
71,158
4.31
Geography
Jan 11, 2017
Bohemian Rhapsody: Multiple-Choice Lyrics
57,927
4.61
Music
Feb 25, 2018
Bold, Capital, Italic, or Underlined?
29,174
4.53
Just For Fun
Jan 6, 2017
Click the Self-Titled Albums
24,535
4.40
Music
Mar 7, 2018
Go to Creator's Profile
Score Distribution
Quiz Creator Spotlight
otcpsychedelics
Follow
Send a Message
Quizzes Created
-
Created Quiz Play Count
-
More By This Creator
Popular Quizzes Today
1
Find the US States - No Outlines Minefield
2
Colored Red Africa Blitz
3
Find the 'City' Movie
4
5x2 Blitz: Bands
5
The Countries of the World
6
Find the Countries of Europe - No Outlines Minefield
7
Find the US States
8
US States
More Music Quizzes
Masked KPOP Idols!
Quiz Lab
Trending Quizzes
Colored Red Europe Blitz I
Colored Red Africa Blitz II
Colored Red Europe Blitz II
Colored Red Africa Blitz III
Colored Red Europe Blitz III
Recently Updated
How Do You Spell That?
pecheneg
Godzilla Movies
pecheneg
Grab Bag: 4-10 Letters
pecheneg
2024 March Madness Bracket
pecheneg
Famous TV Couples
Peacemaker
Champions League XIs: Real Madrid
pecheneg
Largest US Cities 1790-2010
pecheneg
Rides in Walt Disney World
pecheneg
Most Oscar Losses (Acting)
pecheneg
Beyoncé Albums
pecheneg
Trending Topics
NBA
Crossword
Marvel
Anime
Kpop
Harry Potter
Disney
NFL
Song
Puzzle
The Office
WWE
Pokémon
Country
Soccer
Your Account Isn't Verified!
In order to create a playlist on Sporcle, you need to verify the email address you used during registration. Go to your
Sporcle Settings
to finish the process.
Report this User
Report this user for behavior that violates our
Community Guidelines
.
Details:
Send Report
Go to the Sporcle.com Mobile Site →
Comments